10 Équipes de Football légendaires (21ème siècle) #1 - Statistiques

Statistiques générales
  • Ce quiz a été pris 306 fois
  • Le résultat moyen est 73 sur 120
Statistiques - réponses
Position Joueur % Correct
Att Cristiano Ronaldo
98%
Att Léo Messi
97%
Def Sergio Ramos
95%
Mil Andrès Iniesta
94%
Att Karim Benzema
94%
Coach | Mil Zinédine Zidane
94%
Mil Luka Modric
93%
Att Thierry Henry
93%
Mil Xavi
93%
Mil Toni Kroos
91%
Def Gerard Piqué
89%
Def Marcelo
89%
G Keylor Navas
88%
Coach Pep Guardiola
87%
Def Dani Carvajal
85%
G Manuel Neuer
85%
Mil Sergio Busquets
85%
G Victor Valdes
84%
Att Erling Haaland
83%
Mil Casemiro
82%
Def Raphaël Varane
81%
G Ederson
80%
Att David Villa
79%
G Iker Casillas
79%
Mil Kevin De Bruyne
79%
Att Franck Ribéry
78%
Att Arjen Robben
77%
Def Dani Alves
77%
Mil Bernardo Silva
75%
G Fabien Barthez
74%
Mil Patrick Vieira
74%
Mil Phil Foden
74%
Mil Rodri
74%
Def Ruben Dias
74%
G Gianluigi Buffon
72%
Def Kyle Walker
72%
Def Phillip Lahm
72%
Mil David Silva
70%
Mil Gilberto Silva
70%
Mil Isco
70%
Def Jordi Alba
70%
Att Wayne Rooney
69%
Att Pedro
68%
Def Laurent Blanc
67%
Mil Didier Deschamps
66%
Def Jérome Boateng
66%
Mil Jones Stones
66%
Mil Thomas Muller
66%
Def Georgio Chiellini
64%
Def Lilian Thuram
64%
Mil Andrea Pirlo
63%
Mil Jack Grealish
63%
Def Leonardo Bonucci
63%
Def Paulo Maldini
63%
Coach Arsène Wenger
62%
Def Manuel Akanji
62%
Mil Paul Pogba
62%
Def Bixente Lizarazu
60%
Def Marcel Desailly
60%
Def Éric Abidal
58%
Att Kaka
58%
G Edwin van der Sar
57%
Def Rio Ferdinand
57%
Mil Robert Pirès
57%
Att Mario Mandzukic
55%
Def Javier Mascherano
54%
Def Patrice Evra
54%
Def Alessandro Nesta
51%
Coach Carlo Ancelotti
51%
G Dida
51%
Def Nemanja Vidic
51%
Mil Paul Scholes
49%
Coach Alex Ferguson
48%
Att Dennis Bergkamp
46%
Mil Bastian Schweinsteiger
44%
Mil Xabi Alonso
43%
Att Carlos Tevez
41%
Def David Alaba
41%
Att Filippo Inzaghi
40%
Mil Gennaro Gattuso
39%
Mil Cesc Fabregas
37%
Def Sol Campbell
37%
Mil Youri Djorkaeff
37%
Mil Clarence Seedorf
35%
Mil Claudio Marchisio
35%
G Jens Lehmann
32%
Coach Vicente del Bosque
30%
Def Ashley Cole
29%
Att Alvaro Morata
28%
Def Dante
28%
Mil Mickael Carrick
28%
Coach Massimiliano Allegri
27%
Mil Arturo Vidal
26%
Att Christophe Dugarry
26%
Def Alvaro Arbeloa
25%
Coach Jupp Heynckes
21%
Def Kolo Toure
20%
Coach Roger Lemerre
16%
Mil Freddie Ljungberg
12%
Def Wes Brown
11%
Mil Massimo Ambrosini
9%
Def Lauren
8%
Mil Owen Hargreaves
8%
Def Marek Jankulovski
7%
Def Massimo Oddo
4%
Def Stefan Liechtsteiner
2%
Aucun quiz correspondant
Distribution des résultats
% des personnes avec chaque résultat
Percentile par nombre de réponses
Votre historique - résultats
Vous n’avez pas pris ce quiz